| 000 | 00695cam a2200157 4500500 | ||
|---|---|---|---|
| 005 | 20260111053239.0 | ||
| 041 | _afre | ||
| 042 | _adc | ||
| 100 | 1 | 0 |
_aLabey, Gildas _eauthor |
| 245 | 0 | 0 | _aFrédéric Nef, L’esprit vivant de la nature. L’âme et la matière. Cerf, 2025, 224 pages, €20. |
| 260 | _c2025. | ||
| 500 | _a93 | ||
| 520 | _aIn Paris, at the Bibliothèque nationale de France, an exhibition devoted to Colette reveals the many lives of this emblematic literary figure of the twentieth century. | ||
| 786 | 0 | _nÉtudes | 4331 | 11 | 2025-11-03 | p. 135a-136 | 0014-1941 | |
| 856 | 4 | 1 | _uhttps://shs.cairn.info/journal-etudes-2025-11-page-135a?lang=en&redirect-ssocas=7080 |
| 999 |
_c1613749 _d1613749 |
||